000 00466nam a2200181Ia 4500
001 21437
005 20260306172919.0
008 260306t2020||||xx |||||||||||||| ||spa||
041 _aESP
082 _a345
_bD84
100 _aDivisión de Estudios Jurídicos de Gaceta Jurídica
_eAUT
245 0 _aLos procesos penales en sus documentos
260 _c2020
300 _a302 páginas :
_c25 cm.
650 _aGEN
654 _aCDE
942 _cLIB
_dJUS
_fJUS
_2ddc
_n
999 _c21437
_d21437